[Event "La Habana Isla"]
[Site "La Habana"]
[Date "2022.11.05"]
[Round "6"]
[White "Vargas Rodriguez, Wilver"]
[Black "Fernandez Mayola, Reynold Rafael"]
[Result "0-1"]
[WhiteElo "2334"]
[BlackElo "2332"]
[PlyCount "78"]
[EventDate "2022.11.01"]
[EventType "tourn"]
[EventRounds "9"]
[EventCountry "CUB"]
[EventCategory "4"]
[SourceTitle "EXT 2024"]
[Source "ChessBase"]
[SourceDate "2023.10.10"]
[SourceVersion "1"]
[SourceVersionDate "2023.10.10"]
[SourceQuality "1"]

1. e4 e5 2. Nf3 Nc6 3. d4 exd4 4. Bc4 Nf6 5. 0-0 d6 6. Nxd4 Be7 7. Nc3 Nxd4 8. Qxd4 0-0 9. Bf4 Nh5 10. Be3 c6 11. Rad1 Qc7 12. Be2 Nf6 13. Bf4 Rd8 14. Rd3 Bg4 15. f3 Be6 16. g4 h6 17. Rfd1 Qc8 18. Qe3 d5 19. e5 Nd7 20. Kh1 Re8 21. Qg1 Qd8 22. Bg3 f6 23. exf6 Bxf6 24. f4 Qb6 25. Qxb6 axb6 26. a3 Nc5 27. Rd4 Bxd4 28. Rxd4 Bf7 29. Rd1 Na4 30. Nxa4 Rxe2 31. Nxb6 Ra6 32. Nc8 Rxc2 33. Ne7+ Kf8 34. Re1 Ra4 35. Nf5 Re4 36. Rb1 d4 37. b4 d3 38. Rd1 d2 39. Bf2 Re1+ 0-1

[Event "La Habana Isla"]
[Site "La Habana"]
[Date "2022.11.02"]
[Round "2"]
[White "Cofre Archibold, Nestor"]
[Black "Fernandez Mayola, Reynold Rafael"]
[Result "1/2-1/2"]
[WhiteElo "2323"]
[BlackElo "2332"]
[PlyCount "95"]
[EventDate "2022.11.01"]
[EventType "tourn"]
[EventRounds "9"]
[EventCountry "CUB"]
[EventCategory "4"]
[SourceTitle "EXT 2024"]
[Source "ChessBase"]
[SourceDate "2023.10.10"]
[SourceVersion "1"]
[SourceVersionDate "2023.10.10"]
[SourceQuality "1"]

1. c4 Nf6 2. g3 c6 3. Nf3 d5 4. Bg2 Bf5 5. Qb3 Qb6 6. d3 e6 7. cxd5 exd5 8. Nc3 Nbd7 9. Be3 Bc5 10. Bxc5 Nxc5 11. Qxb6 axb6 12. 0-0 0-0 13. Nd4 Bg4 14. h3 Bd7 15. a4 Ne6 16. Nxe6 Bxe6 17. d4 Ne8 18. e3 Nd6 19. b4 Bf5 20. Rfc1 Bd3 21. Rd1 Bc2 22. Rdc1 Bd3 23. Bf1 Bxf1 24. Kxf1 g5 25. Kg2 f5 26. Ne2 Nc4 27. Ra2 Kf7 28. h4 h6 29. Rh1 Kg6 30. Raa1 Nb2 31. hxg5 hxg5 32. Nc3 Nd3 33. b5 f4 34. exf4 gxf4 35. g4 f3+ 36. Kg3 Rae8 37. bxc6 bxc6 38. Rab1 Re2 39. Nd1 Ra2 40. Rxb6 Rf6 41. Rb3 Nc1 42. Rxf3 Ne2+ 43. Kg2 Rxf3 44. Kxf3 Nxd4+ 45. Kg3 Ra3+ 46. Ne3 Nc2 47. Rc1 Nxe3 48. Rxc6+ 1/2-1/2

[Event "Carlos Torre Memorial op 31st"]
[Site "Merida"]
[Date "2019.12.16"]
[Round "5"]
[White "Fernandez Guillen, Ernesto J"]
[Black "Fernandez Mayola, Reynold Rafael"]
[Result "1-0"]
[WhiteElo "2407"]
[BlackElo "2328"]
[PlyCount "115"]
[EventDate "2019.12.13"]
[EventType "swiss"]
[EventRounds "9"]
[EventCountry "MEX"]
[SourceTitle "CBM 193 Extra"]
[Source "ChessBase"]
[SourceDate "2020.01.31"]
[SourceVersion "1"]
[SourceVersionDate "2020.01.31"]
[SourceQuality "1"]

1. e4 e5 2. Nf3 Nc6 3. Bc4 Bc5 4. c3 Nf6 5. d3 d6 6. Nbd2 a5 7. Bb5 0-0 8. 0-0 Na7 9. Ba4 b5 10. Bc2 Nc6 11. h3 h6 12. a4 b4 13. Nb3 Bb6 14. d4 Ba6 15. Re1 bxc3 16. bxc3 exd4 17. Nfxd4 Ne7 18. Qf3 c5 19. Ne2 Ng6 20. Nf4 Ne5 21. Qg3 Kh8 22. Nd2 Re8 23. c4 Nc6 24. Bb2 Nd4 25. Bd3 Rb8 26. Bc3 Qd7 27. Nd5 Bd8 28. f4 Nxd5 29. cxd5 Bxd3 30. Qxd3 Bh4 31. Reb1 Bf6 32. Nc4 Ne2+ 33. Qxe2 Bxc3 34. Rxb8 Rxb8 35. Rc1 Bd4+ 36. Kh2 f5 37. Nxa5 Re8 38. Qb5 Qxb5 39. axb5 fxe4 40. b6 e3 41. b7 e2 42. Re1 Bc3 43. Rxe2 Rb8 44. Nc4 Rxb7 45. Nxd6 Rd7 46. Nb5 Bb4 47. Re5 c4 48. Kg3 Rb7 49. Nd4 Bc3 50. Re8+ Kh7 51. Ne6 Bb4 52. Kf3 c3 53. Rc8 Ra7 54. Rc4 Ra1 55. Rxb4 c2 56. Rc4 c1Q 57. Rxc1 Rxc1 58. Ke4 1-0

[Event "Guillermo Garcia Memorial op 28th"]
[Site "Santa Clara"]
[Date "2019.04.27"]
[Round "5"]
[White "Fernandez Mayola, Reynold Rafael"]
[Black "Quiroga Garza, Juan Manuel"]
[Result "1-0"]
[WhiteElo "2311"]
[BlackElo "2099"]
[PlyCount "99"]
[EventDate "2019.04.23"]
[EventType "swiss"]
[EventRounds "9"]
[EventCountry "CUB"]
[SourceTitle "EXT 2020"]
[Source "ChessBase"]
[SourceDate "2019.10.17"]
[SourceVersion "1"]
[SourceVersionDate "2019.10.17"]
[SourceQuality "1"]

1. d4 d5 2. c4 e6 3. Nc3 Nf6 4. Bg5 Be7 5. cxd5 exd5 6. e3 c6 7. Bd3 Nbd7 8. Nge2 0-0 9. Qc2 Re8 10. f3 Nf8 11. 0-0 h6 12. Bh4 c5 13. Rad1 c4 14. Bf5 Bxf5 15. Qxf5 Qd7 16. Qc2 g5 17. Bf2 b5 18. Ng3 Ng6 19. e4 Nf4 20. e5 N6h5 21. Nxh5 Nxh5 22. Be3 b4 23. Ne2 Ng7 24. Ng3 f5 25. exf6 Bxf6 26. Bc1 h5 27. Nxh5 Nxh5 28. Qg6+ Qg7 29. Qxh5 Re2 30. f4 Rae8 31. fxg5 Bxd4+ 32. Kh1 c3 33. bxc3 bxc3 34. g6 R2e5 35. Qh7+ Qxh7 36. gxh7+ Kxh7 37. Rxd4 Re1 38. Kg1 R8e2 39. Rxd5 Rxf1+ 40. Kxf1 Rxa2 41. Rc5 Rc2 42. Be3 Kg6 43. Bd4 Rc1+ 44. Kf2 c2 45. Be3 Rh1 46. Rxc2 Rxh2 47. Bxa7 Rh7 48. Be3 Rb7 49. Kf3 Rf7+ 50. Bf4 1-0

[Event "Havana Province-ch sf"]
[Site "Havana"]
[Date "2018.10.12"]
[Round "1"]
[White "Fernandez Mayola, Reynold Rafael"]
[Black "Blanco Garcia, Liliam Barbara"]
[Result "0-1"]
[WhiteElo "2294"]
[BlackElo "2096"]
[PlyCount "88"]
[EventDate "2018.10.12"]
[EventType "swiss"]
[EventRounds "5"]
[EventCountry "CUB"]
[SourceTitle "EXT 2021"]
[Source "ChessBase"]
[SourceDate "2020.10.23"]
[SourceVersion "1"]
[SourceVersionDate "2020.10.23"]
[SourceQuality "1"]

1. d4 d5 2. c4 e6 3. Nc3 Be7 4. Nf3 Nf6 5. cxd5 exd5 6. Bg5 0-0 7. e3 c6 8. Bd3 Nbd7 9. Qc2 Re8 10. h3 Nf8 11. 0-0 h6 12. Bf4 Bd6 13. Bxd6 Qxd6 14. Rfe1 b5 15. e4 dxe4 16. Nxe4 Nxe4 17. Bxe4 Bb7 18. Rac1 Rac8 19. Qb3 Ne6 20. Bf5 Rc7 21. Bxe6 fxe6 22. Qc3 Rf8 23. Qc5 Qd5 24. b3 Rcf7 25. Re5 Qd7 26. Rc2 a6 27. Rce2 Rf6 28. R5e4 Qd5 29. Re5 Qd7 30. Nd2 Rd8 31. Ne4 Rf5 32. Rd2 a5 33. Qb6 Qe7 34. Qxa5 Rd5 35. Qc3 b4 36. Qg3 c5 37. Qg6 Rdxe5 38. dxe5 Bxe4 39. Qg4 Bb7 40. f4 Rf8 41. Rd6 Bd5 42. g3 Rd8 43. Rxd8+ Qxd8 44. Qg6 Qf8 0-1

[Event "Agosto de Victorias tt"]
[Site "Mayabeque"]
[Date "2018.08.06"]
[Round "6.2"]
[White "Fernandez Mayola, Reynold Rafael"]
[Black "Fernandez Guillen, Ernesto J"]
[Result "1/2-1/2"]
[WhiteElo "2313"]
[BlackElo "2399"]
[PlyCount "127"]
[EventDate "2018.08.04"]
[EventType "team-tourn"]
[EventRounds "10"]
[EventCountry "CUB"]
[SourceTitle "EXT 2021"]
[Source "ChessBase"]
[SourceDate "2020.10.23"]
[SourceVersion "1"]
[SourceVersionDate "2020.10.23"]
[SourceQuality "1"]
[WhiteTeam "La Lisa"]
[BlackTeam "Havana"]
[WhiteTeamCountry "CUB"]
[BlackTeamCountry "CUB"]

1. Nf3 Nf6 2. c4 c5 3. Nc3 Nc6 4. d4 cxd4 5. Nxd4 g6 6. g3 d6 7. Bg2 Bd7 8. 0-0 Bg7 9. Nc2 0-0 10. b3 Rc8 11. Bb2 a6 12. h3 Ne8 13. Rb1 Qa5 14. Nd5 e6 15. Bxg7 Kxg7 16. b4 Qd8 17. Nde3 b5 18. Nd4 bxc4 19. Nxc4 Ne7 20. Rc1 e5 21. Nb3 Be6 22. Qd3 Rxc4 23. Rxc4 Bxc4 24. Qxc4 Qb6 25. Rc1 Nf6 26. Qc7 Qxc7 27. Rxc7 Ned5 28. Rc4 Rb8 29. a3 Kf8 30. Rc6 Rb6 31. Rxb6 Nxb6 32. Bb7 Ke7 33. Bxa6 Ne4 34. Kf1 Nc3 35. Nd2 d5 36. Bd3 Kd6 37. Ke1 e4 38. Bc2 f5 39. e3 d4 40. exd4 Kd5 41. Bb3+ Kxd4 42. Bg8 Nb5 43. Bxh7 Nxa3 44. Bxg6 Ke5 45. Bf7 Nc2+ 46. Ke2 Nxb4 47. Nc4+ Nxc4 48. Bxc4 f4 49. g4 Nc6 50. h4 Nd4+ 51. Kd1 Nf3 52. h5 Kf6 53. Bd5 Nh2 54. Bxe4 Nxg4 55. Ke2 Nxf2 56. Kxf2 Kg7 57. Bf3 Kh8 58. Kg2 Kg7 59. Kh3 Kh8 60. Kg4 Kg7 61. Kg5 Kh8 62. Kg6 Kg8 63. h6 Kh8 64. h7 1/2-1/2

[Event "Agosto de Victorias tt"]
[Site "Mayabeque"]
[Date "2018.08.05"]
[Round "3.3"]
[White "Rodriguez Hernandez, Luis Daniel"]
[Black "Fernandez Mayola, Reynold Rafael"]
[Result "1/2-1/2"]
[WhiteElo "2314"]
[BlackElo "2313"]
[PlyCount "32"]
[EventDate "2018.08.04"]
[EventType "team-tourn"]
[EventRounds "10"]
[EventCountry "CUB"]
[SourceTitle "EXT 2021"]
[Source "ChessBase"]
[SourceDate "2020.10.23"]
[SourceVersion "1"]
[SourceVersionDate "2020.10.23"]
[SourceQuality "1"]
[WhiteTeam "Matanzas"]
[BlackTeam "La Lisa"]
[WhiteTeamCountry "CUB"]
[BlackTeamCountry "CUB"]

1. e4 c5 2. Nf3 e6 3. d4 cxd4 4. Nxd4 a6 5. Bd3 Bc5 6. Nb3 Ba7 7. 0-0 Nc6 8. Qg4 Nf6 9. Qg3 d6 10. Nc3 Ne5 11. Be3 Bxe3 12. Qxe3 0-0 13. a4 b6 14. Be2 Qc7 15. f4 Ng6 16. Rad1 Bb7 1/2-1/2

[Event "Capablanca Memorial op 53rd"]
[Site "Havana"]
[Date "2018.05.17"]
[Round "8"]
[White "Cori Tello, Deysi Estella"]
[Black "Fernandez Mayola, Reynold Rafael"]
[Result "1-0"]
[WhiteElo "2387"]
[BlackElo "2265"]
[PlyCount "41"]
[EventDate "2018.05.09"]
[EventType "swiss"]
[EventRounds "10"]
[EventCountry "CUB"]
[SourceTitle "EXT 2021"]
[Source "ChessBase"]
[SourceDate "2020.10.23"]
[SourceVersion "1"]
[SourceVersionDate "2020.10.23"]
[SourceQuality "1"]

1. d4 Nf6 2. c4 e6 3. g3 Bb4+ 4. Nd2 Ne4 5. Bg2 Nxd2 6. Bxd2 Qe7 7. Nf3 0-0 8. 0-0 Bxd2 9. Qxd2 d5 10. Qc2 Nc6 11. e4 dxe4 12. Qxe4 Bd7 13. Rfe1 Rfe8 14. a3 a5 15. h4 Qf6 16. Rad1 Rad8 17. Ng5 g6 18. Qe3 e5 19. d5 Nd4 20. Ne4 Qe7 21. Rxd4 1-0

[Event "Artemisa Inder Anivers"]
[Site "Artemisa"]
[Date "2018.02.21"]
[Round "4.2"]
[White "Coto Mederos, Michel"]
[Black "Fernandez Mayola, Reynold Rafael"]
[Result "0-1"]
[WhiteElo "2377"]
[BlackElo "2274"]
[PlyCount "82"]
[EventDate "2018.02.20"]
[EventType "team-tourn"]
[EventRounds "10"]
[EventCountry "CUB"]
[SourceTitle "EXT 2021"]
[Source "ChessBase"]
[SourceDate "2020.10.23"]
[SourceVersion "1"]
[SourceVersionDate "2020.10.23"]
[SourceQuality "1"]
[WhiteTeam "Havana"]
[BlackTeam "Mayabeque"]
[WhiteTeamCountry "CUB"]
[BlackTeamCountry "CUB"]

1. d4 Nf6 2. c4 c5 3. d5 e6 4. Nc3 exd5 5. cxd5 d6 6. e4 g6 7. f4 Bg7 8. Bb5+ Nfd7 9. a4 Qh4+ 10. g3 Qe7 11. Nf3 0-0 12. 0-0 Na6 13. Re1 Nb4 14. Bf1 Nf6 15. h3 b6 16. Be3 Re8 17. Bf2 a6 18. Qb3 Bb7 19. Rad1 Qd7 20. Bg2 Rac8 21. e5 dxe5 22. Nxe5 Qd6 23. Nxf7 Kxf7 24. Re6 Qd8 25. Rde1 Kf8 26. d6 Rxe6 27. Rxe6 Bxg2 28. Kxg2 Qd7 29. Re7 Qc6+ 30. Kg1 Nbd5 31. Re6 Re8 32. Rxe8+ Kxe8 33. a5 b5 34. Qc2 Qxd6 35. Nxd5 Qxd5 36. Bxc5 Qc4 37. Qxc4 bxc4 38. Kg2 Nd5 39. Ba3 Ne3+ 40. Kf3 Nc2 41. Bc5 Bxb2 0-1

[Event "Maria Teresa Mora Memorial Elite"]
[Site "Havana"]
[Date "2018.??.??"]
[Round "2"]
[White "Fernandez Mayola, Reynold Rafael"]
[Black "Gutierrez Delgado, Yusuan Alfredo"]
[Result "0-1"]
[WhiteElo "2266"]
[BlackElo "2299"]
[PlyCount "65"]
[EventDate "2018.03.08"]
[EventType "tourn"]
[EventRounds "9"]
[EventCountry "CUB"]
[EventCategory "1"]
[SourceTitle "EXT 2021"]
[Source "ChessBase"]
[SourceDate "2020.10.23"]
[SourceVersion "1"]
[SourceVersionDate "2020.10.23"]
[SourceQuality "1"]

1. d4 Nf6 2. Bg5 Ne4 3. h4 c5 4. dxc5 Qa5+ 5. Nd2 Nxg5 6. hxg5 g6 7. Rh4 Nc6 8. c3 Qxc5 9. Ngf3 Bg7 10. a4 d5 11. Nb3 Qd6 12. e3 h6 13. gxh6 Rxh6 14. Rxh6 Bxh6 15. a5 a6 16. Ra4 Bf5 17. Rh4 Bg7 18. Bd3 0-0-0 19. Bxf5+ gxf5 20. Qd3 Qg6 21. g4 Bf6 22. gxf5 Qg2 23. Rf4 Rh8 24. Nbd2 Be5 25. Nxe5 Nxe5 26. Qd4 Rh1+ 27. Ke2 Nc6 28. Qc5 Qg1 29. Rd4 Rh2 30. Qxd5 Nxd4+ 31. Qxd4 Qxf2+ 32. Kd1 Qxf5 33. Qc4+ 0-1

[Event "Maria Teresa Mora Memorial Elite"]
[Site "Havana"]
[Date "2018.??.??"]
[Round "8"]
[White "Fernandez Mayola, Reynold Rafael"]
[Black "Pulido Alvarez, Ariel"]
[Result "1-0"]
[WhiteElo "2266"]
[BlackElo "2298"]
[PlyCount "195"]
[EventDate "2018.03.08"]
[EventType "tourn"]
[EventRounds "9"]
[EventCountry "CUB"]
[EventCategory "1"]
[SourceTitle "EXT 2021"]
[Source "ChessBase"]
[SourceDate "2020.10.23"]
[SourceVersion "1"]
[SourceVersionDate "2020.10.23"]
[SourceQuality "1"]

1. Nf3 Nf6 2. c4 c6 3. d4 g6 4. Nc3 d5 5. e3 Bg7 6. Bd3 0-0 7. 0-0 e6 8. b3 Nbd7 9. Bb2 b6 10. Qe2 Bb7 11. Rfd1 Rc8 12. Ba3 Re8 13. Rac1 e5 14. dxe5 Nxe5 15. Nxe5 Rxe5 16. cxd5 Nxd5 17. Nxd5 Rxd5 18. Bc4 Rxd1+ 19. Rxd1 Qe8 20. Qg4 b5 21. Rd7 bxc4 22. Rxb7 c3 23. Qd7 Qxd7 24. Rxd7 a5 25. Kf1 c5 26. Ke2 Bf8 27. Kd1 c4 28. Bxf8 cxb3 29. axb3 c2+ 30. Kc1 Kxf8 31. Rd5 Rc3 32. Rxa5 Rxb3 33. Kxc2 Rb4 34. Rd5 h5 35. Kd1 Ke7 36. f3 Ke6 37. Rd2 Ke5 38. Ke2 Ra4 39. e4 Ra3 40. h4 Ra4 41. g3 Rb4 42. Rd5+ Ke6 43. Ke3 Rb3+ 44. Kf4 Rb1 45. Kg5 Rg1 46. Kf4 Rg2 47. Ra5 Kf6 48. Ra6+ Kg7 49. Ra7 Re2 50. e5 Re1 51. Ra4 Rb1 52. Re4 Rb6 53. Kg5 Rb3 54. Kf4 Rb6 55. Ra4 Rb1 56. Re4 Rb6 57. g4 hxg4 58. Kxg4 Rb1 59. Kg5 Rf1 60. Kf4 Rh1 61. Kg3 Rg1+ 62. Kf2 Rh1 63. Ra4 Kf8 64. Kg2 Re1 65. f4 Re3 66. Ra7 Kg7 67. Kf2 Re4 68. Kf3 Re1 69. Ra3 Rf1+ 70. Kg4 Rh1 71. Rh3 Re1 72. h5 Rg1+ 73. Kf3 gxh5 74. Rxh5 Kg6 75. Rh8 Rf1+ 76. Ke3 Re1+ 77. Kf2 Re4 78. Kf3 Re1 79. Ra8 Kg7 80. Ra6 Rf1+ 81. Kg4 Rb1 82. Kf5 Rb5 83. Ra7 Rb6 84. Re7 Kf8 85. Rd7 Kg7 86. Rd6 Rb5 87. Rd8 Rb6 88. Re8 Ra6 89. Rd8 Rb6 90. Kg4 Rb1 91. Rd7 Rg1+ 92. Kf5 Re1 93. Re7 Kg8 94. Kf6 Rf1 95. f5 Rf2 96. Re8+ Kh7 97. Rf8 Kh6 98. Rh8# 1-0

[Event "Giraldilla de La Habana tt"]
[Site "Havana"]
[Date "2018.??.??"]
[Round "3.3"]
[White "Fernandez Mayola, Reynold Rafael"]
[Black "Yanes Canizares, Alejandro"]
[Result "0-1"]
[WhiteElo "2314"]
[BlackElo "2283"]
[PlyCount "52"]
[EventDate "2018.07.27"]
[EventType "team-tourn"]
[EventRounds "9"]
[EventCountry "CUB"]
[SourceTitle "EXT 2021"]
[Source "ChessBase"]
[SourceDate "2020.10.23"]
[SourceVersion "1"]
[SourceVersionDate "2020.10.23"]
[SourceQuality "1"]

1. Nf3 Nf6 2. c4 e6 3. Nc3 d5 4. d4 c6 5. e3 Nbd7 6. Qc2 Bd6 7. b3 0-0 8. Be2 Re8 9. 0-0 dxc4 10. bxc4 e5 11. a4 Qe7 12. c5 Bc7 13. Ba3 e4 14. Nd2 Nf8 15. Nc4 Bf5 16. Nd6 Bxd6 17. cxd6 Qd7 18. d5 Ng6 19. Rad1 Nh4 20. Kh1 Re5 21. Qb3 Bh3 22. gxh3 Qxh3 23. Rg1 Nf3 24. Bxf3 Qxf3+ 25. Rg2 Rg5 26. Rdg1 Ng4 0-1